Tribhuvan University Central Library

Hamro Nepali (Record no. 98820)

MARC details
000 -LEADER
fixed length control field 00435nam a22001697a 4500
008 - FIXED-LENGTH DATA ELEMENTS--GENERAL INFORMATION
fixed length control field 210307b xxu||||| |||| 00| 0 eng d
020 ## - INTERNATIONAL STANDARD BOOK NUMBER
International Standard Book Number 9789937517072
041 ## - LANGUAGE CODE
Language code of text/sound track or separate title Nep.
082 ## - DEWEY DECIMAL CLASSIFICATION NUMBER
Classification number N895.518/S912h
100 ## - MAIN ENTRY--PERSONAL NAME
Personal name Sharma, Mohanraj
245 ## - TITLE STATEMENT
Title Hamro Nepali
260 ## - PUBLICATION, DISTRIBUTION, ETC.
Place of publication, distribution, etc. Kathmandu:
Name of publisher, distributor, etc. Paluwa Prakashan,
Date of publication, distribution, etc. 2064BS.
300 ## - PHYSICAL DESCRIPTION
Extent 116p.; illus.
650 ## - SUBJECT ADDED ENTRY--TOPICAL TERM
Topical term or geographic name entry element Nepali literature
650 ## - SUBJECT ADDED ENTRY--TOPICAL TERM
Topical term or geographic name entry element Miscellaneous writing
942 ## - ADDED ENTRY ELEMENTS (KOHA)
Source of classification or shelving scheme Dewey Decimal Classification
Koha item type ISBN
Holdings
Withdrawn status Lost status Source of classification or shelving scheme Damaged status Not for loan Home library Current library Date acquired Total Checkouts Full call number Barcode Date last seen Price effective from Koha item type
    Dewey Decimal Classification     Tribhuvan University Central Library Tribhuvan University Central Library 03/07/2021   N895.518/S912h IS19065 03/07/2021 03/07/2021 ISBN